000 01146cam a2200277 4500
001 21281
003 BD-RjUL
005 20211209000652.0
008 140304s1897 enk 001 0 eng d
035 _a(BD-RjUL)21345
040 _aCLE
_cCLE
_beng
_dBD-RjUL
041 _aeng
082 _a821.4
_bBEM
100 1 _aBeljame, A.
_q(Alexandre),
_d1843?-1906.
_965793
245 1 0 _aMen of letters and the English public in the eighteenth century, 1660-1744, Dryden, Addison, Pope /
_c by Alexandre Benjame ; Edited, with an introduction and notes by Bonamy Dobrée, tr. by E. O. Lorimer.
250 _a[2d ed.] english edition 1948
260 _aLondon :
_bKegan Paul, Trench, Trubner & Co.,
_c1897.[1948]
300 _a492 p. :
_c22 cm.
504 _aIncludes bibliography and index.
600 1 0 _aDryden, John,
_d1631-1700.
_9240425
600 1 0 _aAddison, Joseph,
_d1672-1719.
_9240426
600 1 0 _aPope, Alexander,
_d1688-1744.
_9240427
650 0 _aEnglish literature
_y18th century
_xHistory and criticism
_94254
830 0 _aInternational library of sociology and social reconstruction (Routledge & Kegan Paul)
_9240428
942 _2ddc
_cBK
999 _c21281
_d21281